00772cam a2200229 a 45000010008000000030005000080050017000130080041000300100017000710200032000880380013001200400018001330500021001510820017001722450066001892600037002553000036002925040051003286500048003797000026004278560089004534908594NUST20190902113213.0941130s1995 flua bf 001 0 eng  a 94045572  a0849389534 (acidfree paper) aM.Ramzan aDLCcDLCdDLC00aTA151b.C57 199500a624220bCHE04aThe civil engineering handbook /ceditor-in-chief, W.F. Chen. aBoca Raton :bCRC Press,cc1995. axxvi, 2609 p. :bill. ;c26 cm. aIncludes bibliographical references and index. 0aCivil engineeringxHandbooks, manuals, etc.1 aChen, Wai-Fah,d1936-423Publisher descriptionuhttp://www.loc.gov/catdir/enhancements/fy0744/94045572-d.html